India social development report 2014 : (Record no. 8607)

MARC details
000 -LEADER
fixed length control field 00559cam a2200193ua 4500
008 - FIXED-LENGTH DATA ELEMENTS--GENERAL INFORMATION
fixed length control field 160224n ii |||gr||||Z||||||eng
020 ## - INTERNATIONAL STANDARD BOOK NUMBER
International Standard Book Number 9780199460885
040 ## - CATALOGING SOURCE
Transcribing agency MAIN
041 ## - LANGUAGE CODE
-- eng
082 ## - DEWEY DECIMAL CLASSIFICATION NUMBER
Classification number 303.44
100 ## - MAIN ENTRY--PERSONAL NAME
Personal name Qadeer, Imrana,
Relator term
245 ## - TITLE STATEMENT
Title India social development report 2014 :
Remainder of title challenges of public health /
Statement of responsibility, etc. ed. by Imrana Qadeer .
250 ## - EDITION STATEMENT
Edition statement 1st ed.
260 ## - PUBLICATION, DISTRIBUTION, ETC.
Place of publication, distribution, etc. [s.l]:
Name of publisher, distributor, etc. Council for social development,
Date of publication, distribution, etc. 2015.
Place of publication, distribution, etc. [s.l]:
Name of publisher, distributor, etc. Oxford,
Place of publication, distribution, etc. New Delhi:
300 ## - PHYSICAL DESCRIPTION
Extent 320p.
942 ## - ADDED ENTRY ELEMENTS (KOHA)
Koha item type Books
653 ## - INDEX TERM--UNCONTROLLED
Uncontrolled term Social processes
Holdings
Withdrawn status Lost status Damaged status Not for loan Home library Current library Shelving location Date acquired Total Checkouts Full call number Barcode Date last seen Copy number Price effective from Koha item type
        Naharkatiya College Library Naharkatiya College Library General Stacks 19/09/2020   303.44 | IND 23014 19/09/2020 1 19/09/2020 Books

Naharkatiya College © 2020. All rights reserved.

Powered By